000 00620nam a2200205Ia 4500
005 20250508154121.0
008 008 250505s9999 xx 000 0 eng d
037 _aTextBook
040 _aFEDL
_beng
_cFEDL
041 _aeng
_2eng
084 _a375.745 5, NCE
_qFEDL
245 0 _aCraft education in indian school system
245 0 _cNCERT
260 _aNew Delhi, India
_bNational Council of Educational Research and Training
_c1965
300 _ax,222p
365 _aINR
_b6
650 _aCurriculum; Indian School System
_9765084
942 _cTB
_h375.745 5, NCE
999 _c1347764
_d1347764